Towards Achieving Climate Neutrality for Slovakia in 2050: Analysis of the Situation and Key Challenges

Slovensko si za svoj oficiálny cieľ stanovilo deklarovať klimatickú neutralitu do roku 2050, čím sa zaradilo do klubu krajín, ktoré už dnes tvoria 75 % svetového HDP a patria medzi najvyspelejšie ekonomiky sveta. Dosiahnutie tohto cieľa znamená bezprecedentne hlbokú a rýchlu ekonomickú a sociálnu tr...

Full description

Saved in:
Bibliographic Details
Main Author: Filčák, Richard
Other Authors: Škobla, Daniel
Format: Book Chapter
Language:English
Subjects:
Tags: Add Tag
No Tags, Be the first to tag this record!

MARC

LEADER 00000naa a2200000 4500
001 0300540
005 20241118111156.2
041 0 |a eng 
044 |a SK 
245 1 0 |a Towards Achieving Climate Neutrality for Slovakia in 2050: Analysis of the Situation and Key Challenges  |c Richard Filčák, Daniel Škobla 
520 |a Slovensko si za svoj oficiálny cieľ stanovilo deklarovať klimatickú neutralitu do roku 2050, čím sa zaradilo do klubu krajín, ktoré už dnes tvoria 75 % svetového HDP a patria medzi najvyspelejšie ekonomiky sveta. Dosiahnutie tohto cieľa znamená bezprecedentne hlbokú a rýchlu ekonomickú a sociálnu transformáciu smerom k dekarbonizovanému hospodárstvu. Článok poskytuje rámcové hodnotenie nedávneho vývoja v politike, diskurzoch a investíciách v oblasti klímy na SR vo vzťahu k medzinárodným zámerom a cieľom EÚ. Je napísaná na základe analýz dokumentov politickej agendy a zameriava sa na najnovší vývoj v roku 2021 ako relevantné obdobie pre pokrok smerom k vyhlásenej klimatickej neutralite. Tento cieľ by si vyžadoval zásadné zmeny v mnohých oblastiach ekonomiky a financovanie tohto prechodu by bolo kľúčové. Článok analyzuje programovanie, cielenie a koordináciu medzi kľúčovými finančnými mechanizmami dostupnými na zmiernenie klimatických zmien na Slovensku (Európske štrukturálne a investičné fondy) a navrhuje politické odporúčania. 
610 2 0 |a zmeny klimatické 
610 2 0 |a emisie 
610 2 0 |a implementácia 
610 2 0 |a plán dlhodobý 
610 2 0 |a politika environmentálna 
610 2 0 |a fondy investičné 
610 2 0 |a fondy štruktúrne 
610 2 0 |a dekarbonizácia 
100 1 |a Filčák, Richard 
700 1 |a Škobla, Daniel